[Event "Budapest FS08 FM"]
[Site "Budapest"]
[Date "2023.08.11"]
[Round "6.3"]
[White "Gruz, Janos"]
[Black "Szivak, Andras"]
[Result "0-1"]
[WhiteElo "1512"]
[BlackElo "1735"]
[PlyCount "34"]
[EventDate "2023.08.05"]
[EventType "tourn"]
[EventRounds "10"]
[EventCountry "HUN"]
[SourceTitle "EXT 2024"]
[Source "ChessBase"]
[SourceDate "2023.10.10"]
[SourceVersion "1"]
[SourceVersionDate "2023.10.10"]
[SourceQuality "1"]

1. d4 e6 2. c4 Nf6 3. Nc3 Bb4 4. a3 Bxc3+ 5. bxc3 Ne4 6. Qc2 f5 7. g3 0-0 8. Bg2 Nd6 9. Qb3 Nc6 10. c5 Na5 11. Qc2 Ndc4 12. e4 fxe4 13. Bxe4 h6 14. Bg6 Qf6 15. Nh3 d5 16. cxd6 cxd6 17. Bf4 e5 0-1

[Event "Budapest FS08 FM"]
[Site "Budapest"]
[Date "2023.08.05"]
[Round "1.3"]
[White "Szivak, Andras"]
[Black "Gruz, Janos"]
[Result "1/2-1/2"]
[WhiteElo "1735"]
[BlackElo "1512"]
[PlyCount "34"]
[EventDate "2023.08.05"]
[EventType "tourn"]
[EventRounds "10"]
[EventCountry "HUN"]
[SourceTitle "EXT 2024"]
[Source "ChessBase"]
[SourceDate "2023.10.10"]
[SourceVersion "1"]
[SourceVersionDate "2023.10.10"]
[SourceQuality "1"]

1. d4 d5 2. Nf3 Nf6 3. Bf4 e6 4. e3 Nbd7 5. Bd3 Be7 6. Nbd2 Nh5 7. Ne5 Nxf4 8. exf4 0-0 9. Qh5 f5 10. Ndf3 Nf6 11. Qh3 Qe8 12. g3 Qh5 13. Qg2 c5 14. b3 cxd4 15. Bb5 Ne4 16. g4 Qh6 17. g5 Qh5 1/2-1/2

[Event "Budapest FS07 Nadassy"]
[Site "Budapest"]
[Date "2022.07.10"]
[Round "8.3"]
[White "Hradeczky, Tamas"]
[Black "Szivak, Andras"]
[Result "1-0"]
[WhiteElo "1935"]
[BlackElo "1691"]
[PlyCount "93"]
[EventDate "2022.07.02"]
[EventType "schev"]
[EventRounds "12"]
[EventCountry "HUN"]
[SourceTitle "EXT 2023"]
[Source "ChessBase"]
[SourceDate "2022.10.05"]
[SourceVersion "1"]
[SourceVersionDate "2022.10.05"]
[SourceQuality "1"]
[WhiteTeam "Strong Row"]
[BlackTeam "Weaker Row"]
[WhiteTeamCountry "HUN"]
[BlackTeamCountry "HUN"]

1. d4 Nf6 2. Nf3 e6 3. c4 Bb4+ 4. Nc3 b6 5. g3 Bb7 6. Bg2 0-0 7. 0-0 Bxc3 8. bxc3 d6 9. a4 a5 10. d5 exd5 11. Nd4 c6 12. cxd5 cxd5 13. c4 Re8 14. cxd5 Ba6 15. Re1 Nbd7 16. Nf5 Nc5 17. Bb2 Bc8 18. Nd4 Bb7 19. Nc6 Bxc6 20. dxc6 Rc8 21. Rb1 Rb8 22. Qc2 Qc7 23. Bd4 Ne6 24. Bxf6 gxf6 25. Qf5 Nd4 26. Qg4+ Kf8 27. Qxd4 Kg7 28. Bd5 Re5 29. f4 Rh5 30. Rb5 Rh6 31. Bf3 Qc8 32. Rg5+ Rg6 33. Rxg6+ hxg6 34. Qxd6 Qe8 35. Rd1 Qe3+ 36. Kg2 Re8 37. Qd4 Qe6 38. h4 Qc8 39. Qd7 g5 40. Qxc8 Rxc8 41. hxg5 fxg5 42. Rd6 gxf4 43. gxf4 Kf8 44. Bg4 Ke7 45. Rd7+ Ke8 46. Rb7 Rd8 47. c7 1-0

[Event "Budapest FS07 Nadassy"]
[Site "Budapest"]
[Date "2022.07.08"]
[Round "6.1"]
[White "Farago, Sandor"]
[Black "Szivak, Andras"]
[Result "1-0"]
[WhiteElo "2141"]
[BlackElo "1691"]
[PlyCount "91"]
[EventDate "2022.07.02"]
[EventType "schev"]
[EventRounds "12"]
[EventCountry "HUN"]
[SourceTitle "EXT 2023"]
[Source "ChessBase"]
[SourceDate "2022.10.05"]
[SourceVersion "1"]
[SourceVersionDate "2022.10.05"]
[SourceQuality "1"]
[WhiteTeam "Strong Row"]
[BlackTeam "Weaker Row"]
[WhiteTeamCountry "HUN"]
[BlackTeamCountry "HUN"]

1. e4 c5 2. Nf3 Nc6 3. Nc3 g6 4. d4 cxd4 5. Nxd4 Bg7 6. Be3 Nf6 7. Nb3 0-0 8. Be2 d6 9. 0-0 Be6 10. f4 Qc8 11. Kh1 Bg4 12. Bf3 h5 13. Qe2 e5 14. Rad1 Rd8 15. h3 Bxf3 16. Rxf3 exf4 17. Bxf4 Ne5 18. Rf2 Qc4 19. Qxc4 Nxc4 20. Bg5 Nxb2 21. Rb1 Ng4 22. hxg4 Bxc3 23. Bxd8 Rxd8 24. gxh5 gxh5 25. Rf3 Be5 26. Na5 Rc8 27. c3 Na4 28. Nxb7 Rc7 29. Nd8 Nb6 30. Rbf1 f6 31. Ne6 Rc4 32. Nd4 Kh7 33. Rh3 Kg6 34. Rd1 Nd7 35. Nb5 Nb6 36. Nxd6 Bxd6 37. Rxd6 Rxe4 38. Rf3 Kg7 39. Rdxf6 Re7 40. R6f5 Kg6 41. Rc5 Nd7 42. Rg3+ Kh6 43. Rc6+ Kh7 44. Rc7 Kh6 45. Kh2 h4 46. Rd3 1-0

[Event "Budapest FS07 Nadassy"]
[Site "Budapest"]
[Date "2022.07.03"]
[Round "2.1"]
[White "Szivak, Andras"]
[Black "Farago, Sandor"]
[Result "0-1"]
[WhiteElo "1691"]
[BlackElo "2141"]
[PlyCount "94"]
[EventDate "2022.07.02"]
[EventType "schev"]
[EventRounds "12"]
[EventCountry "HUN"]
[SourceTitle "EXT 2023"]
[Source "ChessBase"]
[SourceDate "2022.10.05"]
[SourceVersion "1"]
[SourceVersionDate "2022.10.05"]
[SourceQuality "1"]
[WhiteTeam "Weaker Row"]
[BlackTeam "Strong Row"]
[WhiteTeamCountry "HUN"]
[BlackTeamCountry "HUN"]

1. d4 Nf6 2. c4 c5 3. d5 g6 4. Nc3 d6 5. e4 Bg7 6. Nf3 Na6 7. Be2 Nc7 8. 0-0 0-0 9. Bf4 Nh5 10. Bg5 h6 11. Be3 a6 12. Qd2 Kh7 13. Ne1 Nf6 14. f3 Rb8 15. a4 b6 16. Bd3 Bd7 17. Qe2 Qe8 18. h3 Nh5 19. Kh2 e5 20. g4 Nf4 21. Bxf4 exf4 22. Ng2 Qe5 23. Qd2 g5 24. Nd1 Kg8 25. Qc3 Qe7 26. Qc2 b5 27. axb5 axb5 28. Ra7 bxc4 29. Bxc4 Qd8 30. Nc3 Bb5 31. Bxb5 Nxb5 32. Nxb5 Rxb5 33. Ra2 Qb6 34. Rf2 Rb8 35. Ne1 Rxb2 36. Rxb2 Qxb2 37. Qxb2 Bxb2 38. Rc2 Bd4 39. Nd3 Rb3 40. Rd2 Be3 41. Nxc5 dxc5 42. Ra2 c4 43. Ra8+ Kg7 44. Rc8 c3 45. d6 Rb2+ 46. Kh1 c2 47. d7 Bb6 0-1

[Event "HUN-chT2 Erkel 1718"]
[Site "Hungary"]
[Date "2018.03.04"]
[Round "9.11"]
[White "Szivak, Andras"]
[Black "Geher, Koppany"]
[Result "0-1"]
[WhiteElo "1668"]
[BlackElo "2017"]
[PlyCount "100"]
[EventDate "2017.09.24"]
[EventType "team-tourn"]
[EventRounds "11"]
[EventCountry "HUN"]
[SourceTitle "EXT 2021"]
[Source "ChessBase"]
[SourceDate "2020.10.23"]
[SourceVersion "1"]
[SourceVersionDate "2020.10.23"]
[SourceQuality "1"]
[WhiteTeam "Sarkany DSE"]
[BlackTeam "Budapest MTK II"]
[WhiteTeamCountry "HUN"]
[BlackTeamCountry "HUN"]

1. d4 Nf6 2. c4 g6 3. f3 d5 4. cxd5 Nxd5 5. e4 Nb6 6. Nc3 Bg7 7. Be3 0-0 8. Qd2 Qd6 9. 0-0-0 Rd8 10. h4 Nc6 11. Nge2 Nc4 12. Bf4 Nxd2 13. Bxd6 Rxd6 14. Rxd2 Nxd4 15. Nxd4 Bxd4 16. Kc2 Be6 17. a3 a6 18. Be2 Rad8 19. Rhd1 Bf2 20. Rxd6 Rxd6 21. Rh1 Be3 22. Rd1 Rxd1 23. Nxd1 Bf4 24. g4 h5 25. Nf2 Bg3 26. Nh3 Bxh4 27. Nf4 hxg4 28. Nxe6 gxf3 29. Bxf3 fxe6 30. Bg4 Kf7 31. Kd3 Kf6 32. Ke2 Ke5 33. Kf3 b5 34. Bh3 Bg5 35. b3 Bc1 36. a4 bxa4 37. bxa4 a5 38. Bf1 Kd4 39. Bg2 Kc3 40. Bf1 c6 41. Be2 c5 42. Bb5 c4 43. Ke2 g5 44. Kd1 Bf4 45. Ke2 Kb3 46. Kd1 c3 47. Bd3 g4 48. Bc2+ Kb2 49. Bd3 g3 50. Bc2 g2 0-1

[Event "HUN-chT2 Erkel 1617"]
[Site "Hungary"]
[Date "2017.04.09"]
[Round "11.11"]
[White "Szivak, Andras"]
[Black "Geresdi Horvath, Agoston"]
[Result "1/2-1/2"]
[WhiteElo "1578"]
[BlackElo "1356"]
[PlyCount "154"]
[EventDate "2016.09.25"]
[EventType "team-tourn"]
[EventRounds "11"]
[EventCountry "HUN"]
[SourceTitle "EXT 2021"]
[Source "ChessBase"]
[SourceDate "2020.10.23"]
[SourceVersion "1"]
[SourceVersionDate "2020.10.23"]
[SourceQuality "1"]
[WhiteTeam "Sarkany DSE"]
[BlackTeam "Pestszentlorinc"]
[WhiteTeamCountry "HUN"]
[BlackTeamCountry "HUN"]

1. d4 Nf6 2. Nf3 g6 3. c4 Bg7 4. Nc3 d6 5. e4 0-0 6. Be2 Re8 7. 0-0 Nbd7 8. Bg5 e5 9. d5 h6 10. Bh4 g5 11. Bg3 Nh5 12. Nd2 Nxg3 13. fxg3 Nf6 14. g4 Bf8 15. b4 Qe7 16. h3 Nd7 17. Qc2 a6 18. Nd1 b6 19. Ne3 a5 20. Nf5 Qd8 21. a3 Nf6 22. Rac1 axb4 23. axb4 Ba6 24. Ra1 Qd7 25. Nxh6+ Bxh6 26. Rxf6 Bg7 27. Rff1 f6 28. b5 Bb7 29. Rfc1 Qe7 30. Nf1 Reb8 31. Ng3 Bc8 32. Nh5 Bd7 33. Nxg7 Kxg7 34. Qb2 Qf8 35. Bd1 Be8 36. Be2 Bg6 37. Bd3 Qh8 38. Ra6 Rb7 39. Rca1 Rc8 40. Qa2 Rbb8 41. Qb3 Kf7 42. Ra7 Ke7 43. Qc2 Qh7 44. Qe2 Kd7 45. Qe3 Kd8 46. Qf3 Qh8 47. Rf1 Ke7 48. Kh2 Kf7 49. g3 Ke7 50. Kg2 Ra8 51. Ra6 Qg7 52. Rfa1 Rab8 53. Ra7 Qh8 54. Qf2 Qh7 55. Qe1 Kd7 56. Qe3 Rh8 57. Rh1 Qg7 58. Qf3 Qf8 59. h4 Qe7 60. h5 Bh7 61. Rf1 Rhf8 62. Rfa1 Qd8 63. Qe3 Ke8 64. Kf2 Kf7 65. Ke2 Kg8 66. Qd2 Qd7 67. Kf3 Qe7 68. Qe3 Qd8 69. Be2 Qe7 70. Kg2 Qd8 71. Bf3 Qe7 72. Qe2 Rfc8 73. Qa2 Qd8 74. Qa3 Qf8 75. Qb2 Qd8 76. R1a3 Qf8 77. Qa2 Qd8 1/2-1/2

[Event "HUN-chT U18"]
[Site "Hajduboszormeny"]
[Date "2016.11.04"]
[Round "5.35"]
[White "Hegedus, Luca"]
[Black "Szivak, Andras"]
[Result "0-1"]
[WhiteElo "1786"]
[BlackElo "1522"]
[PlyCount "70"]
[EventDate "2016.11.02"]
[EventType "team-swiss"]
[EventRounds "8"]
[EventCountry "HUN"]
[SourceTitle "CBM 175 Extra"]
[Source "ChessBase"]
[SourceDate "2016.12.12"]
[SourceVersion "1"]
[SourceVersionDate "2016.12.12"]
[SourceQuality "1"]

1. d4 Nf6 2. c4 e6 3. Nc3 Bb4 4. e3 0-0 5. Bd3 b6 6. Nf3 Bb7 7. 0-0 Bxc3 8. bxc3 Ne4 9. Qc2 f5 10. Nd2 Nxd2 11. Bxd2 Qe7 12. e4 fxe4 13. Bxe4 Bxe4 14. Qxe4 Nc6 15. Rae1 Qf6 16. Re3 Qf5 17. d5 Qxe4 18. Rxe4 Nd8 19. Bg5 Re8 20. Rfe1 Kf7 21. f4 Nb7 22. dxe6+ Rxe6 23. Rxe6 dxe6 24. Rd1 Ke8 25. Re1 Kd7 26. Rd1+ Kc6 27. Re1 Re8 28. f5 e5 29. f6 gxf6 30. Bxf6 e4 31. Bd4 Nd6 32. c5 bxc5 33. Bf6 Kd5 34. Rd1+ Kc4 35. Kf2 Rf8 0-1